00973cam a2200229 a 450000100100000000500170001000800410002702000150006804000300008304300120011308200200012510000330014524500800017826001480025830000550040650000540046150000430051550400590055865000490061765000430066674000340070900000691120200929154022.0880415s1986 sp ac f001 0 spa d a8450544661 aDO-SdBNPcDLCdDLCdBNPHU aa-jo--- a930.10283bO42e1 aOlavarri Goicoechea, Emilio,10aExcavaciones en el ágora de Gerasa en 1983 /cEmilio Olavarri Goicoechea. aMadrid :bMinisterio de Cultura, Dirección General de Bellas Artes y Archivos, Subdirección General de Arqueología y Etnografía,c1986. a83 p., [5] hojas plegadas :bil., retrs. ;c30 cm. aTítulo añadido: Hafriyat athariyah fi Jarash. aContiene Sumario en Árabe e Inglés aIncluye bibliografía y notas al pie de las páginas 4aExcavaciones arqueológicaszItaliazGreasa 4aExcavaciones arqueológicasxJordania0 aHafriyat athariyah fi Jarash.